=LDR 00000nam 2200000 4500 =001 INLIS000000000017422 =005 20130612112627 =008 ***********************************Ind** =035 ##$$0010-061300000017422 =041 ##$$a Ind =082 ##$$a 616.07 =090 ##$$a 616.07, Und p =100 ##$$a Underwood, , J.C.E =245 ##$$a Patologi umum dan sistematik vol.2, J.C.E Underwood ; editor, Sarjadi =260 ##$$a 1999 $b Jakarta =300 ##$$a Jil..., 27 cm =650 ##$$a Patologi =850 ##$$a NBPNMAT =990 ##$$a 21603072/BPAP-NTB/2017 =990 ##$$a 20606200 =990 ##$$a 20600109 =990 ##$$a 20600110 =990 ##$$a 20600111 =990 ##$$a 20600044 =990 ##$$a 20602016 =990 ##$$a 20602018 =990 ##$$a 21603072/BPAP-NTB/2017